000 00674nam a2200241Ia 4500
003 OSt
005 20220923211613.0
006 a|||||r|||| 00| 0
007 ta
008 220922b |||||||| |||| 00| 0 hin d
024 _a444
037 _cTextual
040 _aARTS
_cARTS
_bhin
041 _2hin
_ahin
082 _aQ2216:5, 152M5
100 _aहरिदास
245 0 _aगम्भीरामें श्रीविष्णुप्रिया
246 _aGambhīrāmean shrīviṣhṇupriyā
260 _c1985
300 _a603p.
_ccm.
942 _hQ2216:5, 152M5
_cTEXL
_2CC
999 _c301309
_d301309